La Contabilidad y una fábrica de ladrillos (Registro nro. 16857)

Detalles MARC
000 -LEADER
fixed length control field 00345 a2200109 4500
001 - CONTROL NUMBER
control field ART_7331
005 - DATE AND TIME OF LATEST TRANSACTION
control field 20260410161720.0
008 - FIXED-LENGTH DATA ELEMENTS--GENERAL INFORMATION
fixed length control field 260409a
100 1# - MAIN ENTRY--PERSONAL NAME
Personal name García Casella, Carlos Luis
245 10 - TITLE STATEMENT
Title La Contabilidad y una fábrica de ladrillos
773 0# - HOST ITEM ENTRY
Title Contabilidad y auditoría
Related parts - Año 12, Nº 23 (jun. 2006)
Record control number REV1723

No hay ítems disponibles.